000 00474nam a2200181Ia 4500
005 20250326123733.0
008 250326s9999 xx 000 0 und d
037 _aTextbook
040 _aFMSL
_beng
_cFMSL
041 _aeng
_2eng
084 _aX:82 P3
_qFMSL
100 _aGarratt B
_9735150
245 0 _aThin on top
_cGarratt B
260 _aLondon
_bLondon, Nicholas Brealey
_c2003
300 _a246p
942 _cTB
_hX:82 P3
999 _c1270730
_d1270730